[Event "Basel Special op"]
[Site "Basel"]
[Date "2021.07.18"]
[Round "2"]
[White "Stojanovic, Mihajlo"]
[Black "Brandt, Daniel"]
[Result "1-0"]
[WhiteElo "2494"]
[BlackElo "1905"]
[PlyCount "73"]
[EventDate "2021.07.17"]
[EventType "swiss"]
[EventRounds "6"]
[EventCountry "SUI"]
[SourceTitle "CBM 203 Extra"]
[Source "ChessBase"]
[SourceDate "2021.09.30"]
[SourceVersion "1"]
[SourceVersionDate "2021.09.30"]
[SourceQuality "1"]

1. d4 Nf6 2. c4 g6 3. Nc3 Bg7 4. e4 d6 5. f3 0-0 6. Nge2 c5 7. Be3 Nc6 8. d5 Ne5 9. Ng3 h5 10. Be2 Nh7 11. 0-0 h4 12. Nh1 f5 13. Qd2 Rf6 14. Nf2 Nf7 15. exf5 gxf5 16. Nh3 Qe8 17. Rae1 e5 18. dxe6 Bxe6 19. Nf4 Ne5 20. Ncd5 Rf7 21. Nxe6 Qxe6 22. f4 Nc6 23. Bh5 Rd7 24. Bf2 Qh6 25. Re8+ Bf8 26. Rxa8 Qxh5 27. Qd1 Qh6 28. Qd3 h3 29. gxh3 Rg7+ 30. Kh1 Qe6 31. Re1 Qg6 32. Rg1 Qe6 33. Rg3 Nf6 34. Nxf6+ Qxf6 35. Be1 Rxg3 36. hxg3 Ne7 37. Bc3 1-0

[Event "Biel HTO 53rd"]
[Site "Biel"]
[Date "2020.07.28"]
[Round "8"]
[White "Freiburghaus, Simon"]
[Black "Brandt, Daniel"]
[Result "0-1"]
[WhiteElo "1717"]
[BlackElo "1872"]
[PlyCount "108"]
[EventDate "2020.07.20"]
[EventType "swiss"]
[EventRounds "9"]
[EventCountry "SUI"]
[SourceTitle "CBM 197"]
[Source "ChessBase"]
[SourceDate "2020.07.27"]
[SourceVersion "1"]
[SourceVersionDate "2020.07.27"]
[SourceQuality "1"]

1. d4 Nf6 2. Nf3 g6 3. Bf4 Bg7 4. h3 0-0 5. e3 d6 6. Be2 b6 7. 0-0 Bb7 8. Nbd2 Nbd7 9. c3 Qe8 10. Qb3 e5 11. dxe5 dxe5 12. Bh2 Qe7 13. a4 a5 14. Rfd1 Nc5 15. Qa3 Rfe8 16. Bxe5 Nd5 17. Bd4 Bf8 18. Bxc5 bxc5 19. Nf1 Qf6 20. Qb3 Qb6 21. Bc4 Rad8 22. Rd2 Qxb3 23. Bxb3 Nb6 24. Rxd8 Rxd8 25. Rd1 Re8 26. Bc2 Bg7 27. Ng3 Bc6 28. Ra1 Nc4 29. Rb1 Rb8 30. b3 Na3 31. Rc1 Nxc2 32. Rxc2 Rxb3 33. Ne2 Rb1+ 34. Kh2 Ra1 35. Rb2 Bxf3 36. gxf3 Rxa4 37. Rb8+ Bf8 38. Kg3 Kg7 39. h4 h5 40. f4 Ra1 41. Rb7 a4 42. Rxc7 a3 43. Ra7 Kf6 44. e4 a2 45. Ra6+ Ke7 46. e5 Kd7 47. c4 Be7 48. Kf3 Bxh4 49. Nc3 Rc1 50. Nxa2 Rxc4 51. Rd6+ Ke7 52. Rd2 Ke6 53. Rd6+ Kf5 54. Rf6+ Bxf6 0-1

[Event "Biel HTO 53rd"]
[Site "Biel"]
[Date "2020.07.23"]
[Round "4"]
[White "Adrian, Claude"]
[Black "Brandt, Daniel"]
[Result "1-0"]
[WhiteElo "2246"]
[BlackElo "1872"]
[PlyCount "99"]
[EventDate "2020.07.20"]
[EventType "swiss"]
[EventRounds "9"]
[EventCountry "SUI"]
[SourceTitle "CBM 197"]
[Source "ChessBase"]
[SourceDate "2020.07.27"]
[SourceVersion "1"]
[SourceVersionDate "2020.07.27"]
[SourceQuality "1"]

1. Nf3 Nf6 2. c4 g6 3. g3 Bg7 4. Bg2 0-0 5. d4 d6 6. 0-0 Nbd7 7. Qc2 e5 8. e4 c6 9. Nc3 Qe7 10. Re1 Rd8 11. h3 Nf8 12. Be3 exd4 13. Nxd4 Ne6 14. Nde2 Nd7 15. Rad1 a5 16. b3 Ndc5 17. f4 Nc7 18. Qd2 Be6 19. g4 f5 20. exf5 gxf5 21. gxf5 Bxf5 22. Ng3 Qf7 23. Bxc5 dxc5 24. Qxd8+ Rxd8 25. Rxd8+ Bf8 26. Nce4 Bxe4 27. Nxe4 Ne6 28. Ng5 Nxg5 29. fxg5 Qc7 30. Ree8 Qg3 31. Rxf8+ Kg7 32. Rg8+ Kf7 33. Rdf8+ Ke6 34. Rf3 Qe1+ 35. Bf1 Qa1 36. Rf6+ Ke5 37. Rf2 Qc3 38. Re8+ Kd6 39. Rd8+ Kc7 40. Rd3 Qc1 41. h4 Kb6 42. Rf7 Qe1 43. Rxh7 a4 44. g6 Qe4 45. Rg3 Qd4+ 46. Kh2 Qf2+ 47. Bg2 a3 48. g7 Qxa2 49. g8Q Qb2 50. Qd8+ 1-0